Statistics for Switzerland Global Cities

Click here to take the quiz!

General Stats

  • This quiz has been taken 47 times
  • The average score is 5 of 5

Answer Stats

HintAnswer% Correct
Beta-Geneva
100%
Alpha-Zürich
100%
SufficiencyBern
98%
SufficiencyBasel
91%
Gamma-Lausanne
69%

Score Distribution

Percentile by Number Answered

Percent of People with Each Score

Your Score History

You have not taken this quiz